La linea della bellezza /

में बचाया:
ग्रंथसूची विवरण
मुख्य लेखक: Hollinghurst, Alan (लेखक)
अन्य लेखक: Granato, Giovanna
स्वरूप: पुस्तक
भाषा:इतालवी
प्रकाशित: Milano : Mondadori, 2007
श्रृंखला:Piccola biblioteca Oscar
टैग: टैग जोड़ें
कोई टैग नहीं, इस रिकॉर्ड को टैग करने वाले पहले व्यक्ति बनें!

MARC

LEADER 00000nam a22000007i 4500
001 IT\ICCU\MIL\0732601
003 ItRI
005 20240307104732.0
008 071022s2007 it |||||| ||||| |||||c
020 |a 9788804566397 
040 |b ita  |c C 
041 7 |a ita  |2 ISO-639-2 
100 1 |a Hollinghurst, Alan  |0 IT\ICCU\CFIV\116353  |4 aut 
240 1 4 |a The line of beauty.  |9 Hollinghurst, Alan 
245 1 3 |a La linea della bellezza /  |c Alan Hollinghurst ; taduzione di Giovanna Granato. 
260 |a Milano :  |b Mondadori,  |c 2007 
300 |a 572 p. ;  |c 18 cm 
700 1 |a Granato, Giovanna  |0 IT\ICCU\BVEV\028365 
830 0 |a Piccola biblioteca Oscar  |0 IT\ICCU\PAL\0111548 
942 |2 ddc  |c BK 
952 |0 0  |1 0  |2 ddc  |4 0  |6 075_823_914000000000000_HOL_LIN  |7 1  |9 904  |a MO  |b MO  |d 2024-03-07  |l 0  |o [075] 823.914 HOL LIN  |p 9079  |r 2024-03-07 10:47:57  |w 2024-03-07  |y BK 
981 1 |6 z01  |a i   |b xxxe  
982 1 |6 z01  |a n 
999 |c 857  |d 857